000 00797nam a2200253 a 4500
001 45622
003 BD-RjUL
005 20211209054038.0
008 160727s1942 enk 001 0 eng
035 _a(BD-RjUL)45740
040 _aDLC
_cArU
_dOCoLC
_dCSdC-L
_dDLC
_dBD-RjUL
_beng
041 _aeng
082 _a940.531
_223
_bCAC 1944
100 1 _aCarr, Edward Hallett,
_d1892-1982.
_9119255
245 1 0 _aConditions of peace /
_cEdward Hallett Carr
260 _aLondon :
_bMacmillan,
_cc1942
300 _axxiv, 279 p. ;
_c22 cm.
500 _aIncludes index.
650 0 _aWorld politics.
_9139658
650 0 _aReconstruction (1939-1951)
_9139659
651 0 _aEurope
_xPolitics and government
_y1918-1945.
_9128336
651 0 _aGreat Britain
_xForeign relations.
_9139660
942 _2ddc
_cBK
999 _c45622
_d45622